Berühmte Tempel und Gotteshäuser - Bilderquiz - Statistiken

Allgemein
  • Dieses Quiz wurde 156 mal gespielt
  • Das Durchschnittsergebnis liegt bei 8 aus 24
Antwortstatistiken
Bildquiz Antwort % Korrekt
Kölner Dom
98%
Hagia Sophia
71%
Notre Dame
65%
Petersdom
65%
Sagrada Família
63%
Kaaba
52%
Felsendom
48%
Kathedrale von Florenz
48%
Pantheon
48%
Angkor Wat
43%
Blaue Moschee
37%
Parthenon
34%
Dom von Speyer
25%
Abu Simbel
24%
Prophetenmoschee
11%
Große Moschee von Djenne
9%
Grabeskirche
7%
Lotustempel
7%
Al-Aqsa-Moschee
5%
Borobudur
5%
Christ-Erlöser-Kathedrale
5%
Goldener Tempel
5%
Bet Giyorgis
2%
Pyramide des Kukulcán
2%
Keine übereinstimmenden Quizze gefunden
Verteilung der Resultate
Anzahl Personen mit jedem Resultat
Perzentil nach korrekt beantworteten Fragen
Ihre Resultats-Entwicklung
Sie haben dieses Quiz noch nicht gespielt